00330nam a2200145Ia 450000500170000000800410001702000060005808200150006410000150007924500220009426000360011630000130015265000110016565000080017620250515025700.0240331s9999 xx 000 0 und d a  a302.2bSAT aSatyalit,R 0aCinemavum kalayum aSivagangaibAnnam Pvt Ltdc1989 a134 p ., aCinema aArt